00792nam a2200241Ia 4500999001500000020001800015082001600033245006500049260004300114300001400157504001900171650002700190650003100217650002200248650001700270650002300287650003700310650001900347700002300366700003000389942000700419952012400426 c4423d4423 a0-8014-8941-5 a340.11 FEM- 0aFeminism confronts homo economicus: gender, law, and society aIthacabCornell University Pressc2005 axvii, 515 aincludes index aFeminist jurisprudence aSociological jurisprudence aLaw and economics aEconomic man aFeminist economics aNeoclassical school of economics aHome economics aDougherty, Terence aFineman, Martha Albertson cBK 00104070aNASSDOCbNASSDOCd2005-11-21eCLASSi2005-09-27l0o340.11 FEM-p41115r2019-04-18 00:00:00w2019-04-18yBK